| 000 | 00525nam a22001817a 4500 | ||
|---|---|---|---|
| 005 | 20251108175948.0 | ||
| 008 | 250721s2016 xx 000 0 ara d | ||
| 082 | 1 | 4 | _a688.2/ليت |
| 100 | 1 | _aليتش، بام | |
| 245 | 1 | 0 | _aصناعة اساور البنات / |
| 264 | 1 |
_aالجيزة : _bدار الفاروق، _c2016. |
|
| 300 | _a46ص. | ||
| 490 | 0 | _aعشرون مشروعا رائعا للتنفيذ | |
| 650 | 1 | 7 | _aمجوهرات الزينة |
| 650 | 1 | 7 | _aالحلي |
| 942 |
_2ddc _cBK |
||
| 999 |
_c146512 _d146512 |
||